000 00560nam a22002051c 4500
001 a987680642
008 170623s1976 gw |||| 000u rus d
020 _a0882333194
_90-88233-319-4
041 _arus
100 1 _aKaiser, Robert
240 1 0 _aRussia : The People and the Power
245 0 0 _aRossija :
_bVlast' i narod /
_cRobert Kaiser, Perevod s anglijskogo N. Mochovoj
264 _aAnn Arbor :
_bArdis,
_c1976
300 _a572 S.
650 0 _aAlltag
651 0 _aSowjetunion
942 _cMG
040 _cRU-10907106
003 RU-10907106
999 _c27570
_d27570